Sports Quiz

Random Sports or NCAA Quiz

MAC Quiz Stats

 Plays Quiz Updated Feb 23, 2019

Score 0/24 Timer 05:00
0 Plays Today
% Correct
Western Michigan
79.8%
Eastern Michigan
79.3%
Akron
79%
Central Michigan
78.3%
Ohio
76.9%
Toledo
73.9%
Miami (OH)
73.4%
Bowling Green
70.5%
Zips
68.8%
Ball State
66.5%
Kent State
63.8%
Buffalo
63.6%
% Correct
Northern Illinois
63.4%
Bobcats
62%
Rockets
60.4%
Eagles
60.1%
Chippewas
59.4%
Broncos
58.8%
RedHawks
58.7%
Cardinals
55%
Falcons
52.8%
Huskies
51%
Bulls
49.2%
Golden Flashes
48.7%

You're not logged in!

Compare scores with friends on all Sporcle quizzes.
OR
Log In

Sporcle TV

Today on Sporcle TV


Watch our educational content, quiz creation guides, and fun videos on Sporcle TV.

Show Comments

Extras

Top Quizzes Today


Score Distribution

Your Account Isn't Verified!

In order to create a playlist on Sporcle, you need to verify the email address you used during registration. Go to your Sporcle Settings to finish the process.

Report this User

Report this user for behavior that violates our Community Guidelines.

Details: